Southville International School and Colleges
Your cart is empty.
  • Cart
  • Lists
    Public lists Eva Luna New books Lux_list list_1
    Your lists Log in to create your own lists
  • Log in to your account
  • Your cookies
  • Search history
Southville International School and Colleges
  • Advanced search
  • Recent comments
  • Most popular
  • Libraries

Log in to your account

Log in with GOOGLE


If you do not have an external account, but do have a local account, you can still log in:

  1. Home
  2. MARC view: Human-computer interaction /
Normal view MARC view ISBD view

Human-computer interaction / (Record no. 294148)

[ view plain ]
MARC details
000 -LEADER
fixed length control field 00574nam a2200217Ia 4500
008 - FIXED-LENGTH DATA ELEMENTS--GENERAL INFORMATION
fixed length control field 160517s9999 xx 000 0 und d
020 ## - INTERNATIONAL STANDARD BOOK NUMBER
International Standard Book Number 978-981-4239-70-7
050 ## - LIBRARY OF CONGRESS CALL NUMBER
Classification number ComSc QA 76.9
050 ## - LIBRARY OF CONGRESS CALL NUMBER
Item number .H85S65 2006 c.2
100 ## - MAIN ENTRY--PERSONAL NAME
Personal name Smith-Atakan, Serengul
245 ## - TITLE STATEMENT
Title Human-computer interaction /
245 ## - TITLE STATEMENT
Statement of responsibility, etc Serengul Smith-Atakan.
260 ## - PUBLICATION, DISTRIBUTION, ETC. (IMPRINT)
Place of publication, distribution, etc Australia :
260 ## - PUBLICATION, DISTRIBUTION, ETC. (IMPRINT)
Name of publisher, distributor, etc Middlesex University Press,
260 ## - PUBLICATION, DISTRIBUTION, ETC. (IMPRINT)
Date of publication, distribution, etc 2006
300 ## - PHYSICAL DESCRIPTION
Extent 204 pages :
300 ## - PHYSICAL DESCRIPTION
Other physical details ill. ;
300 ## - PHYSICAL DESCRIPTION
Dimensions 25cm.
500 ## - GENERAL NOTE
General note Includes index.
650 ## - SUBJECT ADDED ENTRY--TOPICAL TERM
Topical term or geographic name as entry element Human-computer interaction.
Holdings
Withdrawn status Lost status Damaged status Home library Current library Shelving location Date acquired Total Checkouts Full call number Barcode Date last seen Price effective from Koha item type
      South Mansfield College South Mansfield College   05/31/2008   ComSc QA 76.9 .H85S65 2006 c.2 SMC05179 05/17/2016 05/17/2016  

Human-computer interaction /

APA

Smith-Atakan S., .Human-computer interaction. Australia: .

Chicago

Smith-Atakan Serengul, .Human-computer interaction. Australia: .

Harvard

Smith-Atakan S., .Human-computer interaction. Australia: .

MLA

Smith-Atakan Serengul, .Australia: . .

  • Place hold
  • Print
  • Cite
  • Add to your cart (remove)
  • Save record
    BIBTEX Dublin Core MARCXML MARC (non-Unicode/MARC-8) MARC (Unicode/UTF-8) MARC (Unicode/UTF-8, Standard) MODS (XML) RIS
  • More searches
    Search for this title in:
    Other Libraries (WorldCat) Other Databases (Google Scholar) Online Stores (Bookfinder.com) Open Library (openlibrary.org)

Exporting to Dublin Core...

SOUTHVILLE LIBRARY

Southville International School and Colleges Library

1281 Tropical Ave. Cor. Luxembourg St., BF Homes International, Las Pinas City

Tel. No. 8256374 / 252358 Loc. 117/146

Powered by Koha